000 00789nas a2200241Ia 4500
001 R111/44666
003 IT-RoPAU
008 151124c99999999xx |||||||||||| ||und||
040 _aIT-RoPAU
040 _cIT-RoPAU
041 _aITALIANO
100 _aBarilli Renato
_gCodice Aut. SPICS: 9544
210 _aCOMUNICAZIONE DI MASSA (SUGARCO)
222 _aComunicazione Di Massa (Sugarco)
245 _aCOMUNICAZIONE DI MASSA (SUGARCO), ANNO 03-VOL.1 (1982)
_bMcluhan O Del Pensiero Sintetico
250 _a1a ed.
260 _aMILANO
_bSUGARCO
_c1982
501 _bPaulus - SPICS - Società San Paolo EM (non-commercial uses only)
_cCopyright2015
300 _a6 p. [37-42]
362 _aANNO 003, VOL.1 (1982)
650 _aCOMUNICAZIONE
_vPUBBLICAZIONE PERIODICA
942 _cCR
999 _c115006
_d115006